हसगत (Record no. 300129)

MARC details
000 -LEADER
fixed length control field 00463nam a2200169Ia 4500
008 - FIXED-LENGTH DATA ELEMENTS--GENERAL INFORMATION
fixed length control field 090711s9999 xx 000 0 und d
082 ## - DEWEY DECIMAL CLASSIFICATION NUMBER
Item number 71905
100 ## - MAIN ENTRY--PERSONAL NAME
Personal name प्रभावळकर दिलीप
245 ## - TITLE STATEMENT
Title हसगत
260 ## - PUBLICATION, DISTRIBUTION, ETC. (IMPRINT)
Date of publication, distribution, etc 1993
300 ## - PHYSICAL DESCRIPTION
Extent 221+1
600 ## - SUBJECT ADDED ENTRY--PERSONAL NAME
Personal name प्रभावळकर दिलीप
630 ## - SUBJECT ADDED ENTRY--UNIFORM TITLE
Uniform title हसगत
700 ## - ADDED ENTRY--PERSONAL NAME
Personal name प्रभावळकर दिलीप
730 ## - ADDED ENTRY--UNIFORM TITLE
Uniform title हसगत
942 ## - ADDED ENTRY ELEMENTS (KOHA)
Koha item type Book
Holdings
Withdrawn status Lost status Damaged status Not for loan Home library Current library Date acquired Cost, normal purchase price Total Checkouts Full call number Barcode Date last seen Cost, replacement price Price effective from Koha item type
        Dadar Sarvajanik Vachanalaya, Dardar Dadar Sarvajanik Vachanalaya, Dardar 07/11/2009 120.00   71905 DASAVA-71905 07/11/2009 120.00 07/11/2009 Book